[Event "IRI-chT 18th"]
[Site "Tehran"]
[Date "2019.11.27"]
[Round "7.2"]
[White "Pourramezanali, Amirreza"]
[Black "Marzoughi, Mohammadsadegh"]
[Result "1-0"]
[WhiteElo "2486"]
[BlackElo "1892"]
[PlyCount "61"]
[EventDate "2019.11.23"]
[EventType "team-tourn"]
[EventRounds "9"]
[EventCountry "IRI"]
[SourceTitle "CBM 193 Extra"]
[Source "ChessBase"]
[SourceDate "2020.01.31"]
[SourceVersion "1"]
[SourceVersionDate "2020.01.31"]
[SourceQuality "1"]
[WhiteTeam "Persepolis Iran"]
[BlackTeam "Rasht Adrian"]
[WhiteTeamCountry "IRI"]
[BlackTeamCountry "IRI"]

1. d4 Nf6 2. g3 d5 3. c4 c6 4. Nf3 g6 5. Bg2 Bg7 6. 0-0 0-0 7. Qb3 Nbd7 8. cxd5 cxd5 9. Nc3 Nb6 10. Bf4 Nh5 11. Be3 Nf6 12. Rac1 Bd7 13. Ne5 Ng4 14. Nxg4 Bxg4 15. Rfd1 a6 16. Nxd5 Nxd5 17. Qxd5 Qxd5 18. Bxd5 Bxe2 19. Rd2 Rfd8 20. Bxb7 Rab8 21. Rc7 Bb5 22. b3 Bf6 23. f4 e6 24. d5 Bc3 25. Rxc3 Rxb7 26. d6 Kf8 27. Rc7 Rbb8 28. d7 Ke7 29. Bc5+ Kf6 30. Ba7 Ra8 31. a4 1-0

[Event "Yerevan op 2nd"]
[Site "Yerevan"]
[Date "2017.09.26"]
[Round "8"]
[White "Marzoughi, Mohammadsadegh"]
[Black "Gharagyozyan, Artur"]
[Result "0-1"]
[WhiteElo "1954"]
[BlackElo "2170"]
[PlyCount "164"]
[EventDate "2017.09.19"]
[EventType "swiss"]
[EventRounds "9"]
[EventCountry "ARM"]
[SourceTitle "EXT 2018"]
[Source "ChessBase"]
[SourceDate "2017.10.13"]
[SourceVersion "1"]
[SourceVersionDate "2017.10.13"]
[SourceQuality "1"]

1. d4 g6 2. e4 Bg7 3. Be3 d6 4. Qd2 Nd7 5. f3 c6 6. Nc3 b5 7. Nh3 Qa5 8. Nb1 Qc7 9. c3 Nb6 10. Nf2 Nc4 11. Bxc4 bxc4 12. Na3 d5 13. 0-0 Nf6 14. b3 cxb3 15. axb3 0-0 16. c4 Rd8 17. cxd5 cxd5 18. e5 Nd7 19. Nb5 Qb6 20. Qa5 Rb8 21. Nxa7 Qxa5 22. Rxa5 Rxb3 23. Bg5 f6 24. exf6 exf6 25. Bf4 Bb7 26. Nb5 g5 27. Bd6 Nb8 28. Bxb8 Rxb8 29. Nd6 Bc6 30. Nf5 Bf8 31. Ng4 Kf7 32. Nge3 Ra3 33. Ra1 Rxa5 34. Rxa5 Rb1+ 35. Kf2 Bb4 36. Ra7+ Kf8 37. g4 Rb2+ 38. Kg1 Rb1+ 39. Kg2 Rb2+ 40. Kg1 Be1 41. Ra6 Bf2+ 42. Kh1 Bxe3 43. Nxe3 Bb5 44. Rxf6+ Kg7 45. Rf5 h6 46. Rxd5 Bc6 47. Rf5 Re2 48. Nc4 Rc2 49. Ne5 Bd5 50. Nd3 Bc4 51. Nb4 Rb2 52. Nc6 Bf1 53. Ne5 Rb1 54. h3 Bd3+ 55. Kg2 Bxf5 56. gxf5 Kf6 57. Ng4+ Kxf5 58. Nxh6+ Kf4 59. h4 gxh4 60. Ng4 Rd1 61. Nh2 Rxd4 62. Kh3 Rd8 63. Nf1 Rh8 64. Nh2 Rh7 65. Ng4 Kxf3 66. Ne5+ Kf4 67. Ng6+ Kg5 68. Ne5 Ra7 69. Nf3+ Kh5 70. Kg2 Ra2+ 71. Kh3 Ra3 72. Kg2 Kg4 73. Ne5+ Kf4 74. Ng6+ Kg5 75. Ne5 Rg3+ 76. Kh2 Re3 77. Nc4 Rc3 78. Ne5 h3 79. Nf7+ Kh4 80. Nd6 Rc2+ 81. Kh1 Ra2 82. Kg1 h2+ 0-1

[Event "Yerevan op 2nd"]
[Site "Yerevan"]
[Date "2017.09.25"]
[Round "7"]
[White "Hakobyan, Hakob V"]
[Black "Marzoughi, Mohammadsadegh"]
[Result "1/2-1/2"]
[WhiteElo "2102"]
[BlackElo "1954"]
[PlyCount "68"]
[EventDate "2017.09.19"]
[EventType "swiss"]
[EventRounds "9"]
[EventCountry "ARM"]
[SourceTitle "EXT 2018"]
[Source "ChessBase"]
[SourceDate "2017.10.13"]
[SourceVersion "1"]
[SourceVersionDate "2017.10.13"]
[SourceQuality "1"]

1. Nf3 d5 2. g3 Bg4 3. Bg2 e6 4. c4 Bxf3 5. Bxf3 c6 6. 0-0 Bd6 7. Qb3 Qc7 8. d4 dxc4 9. Qxc4 Nd7 10. Nc3 Ngf6 11. e4 e5 12. d5 Nb6 13. Qd3 0-0 14. Bg5 Be7 15. Be3 Rfd8 16. Rac1 Rd7 17. Qe2 Qd8 18. dxc6 bxc6 19. Rfd1 Rxd1+ 20. Rxd1 Qc7 21. Qa6 Nfd7 22. Bg4 Nc5 23. Qa5 Qb7 24. Bxc5 Nc4 25. Qa4 Nxb2 26. Rd7 Qxd7 27. Bxd7 Nxa4 28. Nxa4 Bxc5 29. Nxc5 Rd8 30. Kf1 Kf8 31. Ke1 Ke7 32. Bh3 Rd4 33. f3 Rc4 34. Nd3 Rc2 1/2-1/2

[Event "Yerevan op 2nd"]
[Site "Yerevan"]
[Date "2017.09.23"]
[Round "5"]
[White "Karatorossian, David"]
[Black "Marzoughi, Mohammadsadegh"]
[Result "1-0"]
[WhiteElo "2250"]
[BlackElo "1954"]
[PlyCount "85"]
[EventDate "2017.09.19"]
[EventType "swiss"]
[EventRounds "9"]
[EventCountry "ARM"]
[SourceTitle "CBM 180 Extra"]
[Source "ChessBase"]
[SourceDate "2017.10.06"]
[SourceVersion "1"]
[SourceVersionDate "2017.10.06"]
[SourceQuality "1"]

1. Nf3 d5 2. g3 c6 3. Bg2 Bf5 4. 0-0 h6 5. d3 e6 6. Nbd2 Nf6 7. Qe1 Be7 8. e4 Bh7 9. Qe2 0-0 10. b3 a5 11. a3 Na6 12. Bb2 Nc5 13. Ne5 Ncd7 14. Kh1 Nxe5 15. Bxe5 Nd7 16. Bb2 Bf6 17. e5 Be7 18. f4 Qc7 19. g4 Rae8 20. Nf3 f5 21. gxf5 Bxf5 22. Nd4 Nc5 23. Rg1 Bd8 24. Raf1 Kh7 25. b4 axb4 26. axb4 Na4 27. Ba1 Qf7 28. Nxf5 exf5 29. Bf3 Re6 30. c4 dxc4 31. dxc4 Be7 32. c5 b6 33. Qa2 b5 34. Bd1 Rg6 35. Qxf7 Rxf7 36. Rxg6 Kxg6 37. Bf3 Rf8 38. Bxc6 Rb8 39. Bd7 Kf7 40. Bxf5 g5 41. fxg5 Bxg5 42. Bd7+ Ke7 43. e6 1-0

[Event "Yerevan op 2nd"]
[Site "Yerevan"]
[Date "2017.09.22"]
[Round "4"]
[White "Marzoughi, Mohammadsadegh"]
[Black "Sargissyan, Sargis"]
[Result "1/2-1/2"]
[WhiteElo "1954"]
[BlackElo "2295"]
[PlyCount "146"]
[EventDate "2017.09.19"]
[EventType "swiss"]
[EventRounds "9"]
[EventCountry "ARM"]
[SourceTitle "CBM 180 Extra"]
[Source "ChessBase"]
[SourceDate "2017.10.06"]
[SourceVersion "1"]
[SourceVersionDate "2017.10.06"]
[SourceQuality "1"]

1. d4 d6 2. Bf4 g6 3. Nf3 Bg7 4. e3 Nc6 5. Be2 e5 6. dxe5 dxe5 7. Qxd8+ Kxd8 8. Bg5+ f6 9. Bh4 Nge7 10. Nc3 Nf5 11. 0-0-0+ Bd7 12. Ne4 g5 13. Nfxg5 fxg5 14. Bxg5+ Kc8 15. Rxd7 Kxd7 16. Bg4 Raf8 17. Ng3 Nce7 18. e4 h5 19. Bxf5+ Nxf5 20. Nxf5 Bf6 21. Bxf6 Rxf6 22. h4 Rg8 23. g3 Ra6 24. a3 Rg4 25. f3 Rg8 26. Rg1 Rag6 27. Kd2 Rb6 28. b3 Rbg6 29. Ke3 Rc6 30. Kd2 Rcg6 31. Ke3 Rc6 32. Kd2 Rcg6 33. Kc3 Rc6+ 34. Kb2 Rcg6 35. Kc1 Ke6 36. Kd2 Kd7 37. Ke2 Rc6 38. Ne3 Rh6 39. Kf2 Ke6 40. Rd1 Rf6 41. Rd5 Rgf8 42. Nc4 Rxf3+ 43. Kg2 Rf2+ 44. Kh3 Kf6 45. Rxe5 Kg6 46. Rg5+ Kh6 47. Ne3 R8f3 48. Nf5+ Rxf5 49. Rxf5 Rxc2 50. Rf7 Rc3 51. e5 Kg6 52. e6 Rxb3 53. Rxc7 Rxa3 54. Rxb7 Re3 55. e7 Kf6 56. Rxa7 Rxe7 57. Ra5 Re5 58. Ra8 Kg6 59. Kg2 Re3 60. Rg8+ Kf6 61. Kf2 Ra3 62. Re8 Kg6 63. Re6+ Kf5 64. Rh6 Ra2+ 65. Kf3 Ra3+ 66. Kg2 Ra5 67. Rxh5+ Kg4 68. Rh8 Ra2+ 69. Kh1 Kxg3 70. h5 Kh4 71. h6 Kh5 72. h7 Ra1+ 73. Kg2 Ra7 1/2-1/2

[Event "Hamedan op"]
[Site "Hamedan"]
[Date "2017.08.13"]
[Round "3"]
[White "Khoshkalam, Seyed Mehrab"]
[Black "Marzoughi, Mohammadsadegh"]
[Result "1-0"]
[WhiteElo "2142"]
[BlackElo "1941"]
[PlyCount "73"]
[EventDate "2017.08.12"]
[EventType "swiss"]
[EventRounds "11"]
[EventCountry "IRI"]
[SourceTitle "CBM 180 Extra"]
[Source "ChessBase"]
[SourceDate "2017.10.06"]
[SourceVersion "1"]
[SourceVersionDate "2017.10.06"]
[SourceQuality "1"]

1. Nf3 Nf6 2. d4 g6 3. c4 Bg7 4. Nc3 d5 5. cxd5 Nxd5 6. e4 Nxc3 7. bxc3 0-0 8. Be2 c5 9. 0-0 Qc7 10. Be3 b6 11. Qd2 Rd8 12. Rad1 Bb7 13. Bf4 Qd7 14. d5 Qa4 15. c4 Na6 16. Be5 Bxe5 17. Nxe5 f6 18. Ng4 Bc8 19. Ne3 Nb4 20. a3 Nc6 21. Nc2 Ne5 22. Qc3 Ba6 23. Ne3 Nf7 24. f4 b5 25. e5 b4 26. axb4 cxb4 27. Qd4 f5 28. Ra1 Qc6 29. dxc6 Rxd4 30. Rxa6 Re4 31. Rf3 b3 32. Ra3 g5 33. Bd3 Rxf4 34. Rxf4 gxf4 35. Nxf5 Nxe5 36. Rxb3 e6 37. c7 1-0